Automation, Production Systems, and Computer-integrated Manufacturing (Record no. 6106)

MARC details
000 -LEADER
fixed length control field 00333nam a2200121Ia 4500
008 - FIXED-LENGTH DATA ELEMENTS--GENERAL INFORMATION
fixed length control field 191201s2012 xx 000 0 und d
100 ## - MAIN ENTRY--PERSONAL NAME
Personal name GROOVER, Mikell P
245 #0 - TITLE STATEMENT
Title Automation, Production Systems, and Computer-integrated Manufacturing
260 ## - PUBLICATION, DISTRIBUTION, ETC. (IMPRINT)
Place of publication, distribution, etc N. delhi
Name of publisher, distributor, etc Phi
Date of publication, distribution, etc 2012
300 ## - PHYSICAL DESCRIPTION
Extent 815
650 ## - SUBJECT ADDED ENTRY--TOPICAL TERM
Topical term or geographic name as entry element B.Tech(ME)
942 ## - ADDED ENTRY ELEMENTS (KOHA)
Source of classification or shelving scheme Dewey Decimal Classification
Koha item type Text Books
Holdings
Withdrawn status Lost status Source of classification or shelving scheme Damaged status Not for loan Collection code Home library Current library Date acquired Source of acquisition Cost, normal purchase price Bill Number Total Checkouts Full call number Acc. no. / Barcode Date last seen Date last borrowed Actual Cost, discounted price Bill Date Koha item type
    Dewey Decimal Classification     B.Tech(ME) PIET C-LIBRARY PIET C-LIBRARY 20/01/2015 KIRTI PRAKASHAN, NEW DELHI 625.00 IN2083 3 004.6 GRA 25101 19/12/2023 05/12/2023 412.50 12/01/2015 Text Books
    Dewey Decimal Classification     B.Tech(ME) PIET C-LIBRARY PIET C-LIBRARY 29/05/2015 PANKAJ BOOK DEPOT PANIPAT 550.00 AS390   004.6 GRA 27089 04/12/2019   363.00 25/05/2015 Text Books

Design & Developed by: PIET Central Library
R70 Miles Stone Pattikalyana Samalkha Panipat 132102
mail ID :- [email protected], Phone No:- 0180-2569700 Ex.216